| 000 | 00678nam a22002057a 4500 | ||
|---|---|---|---|
| 999 |
_c157809 _d157809 |
||
| 005 | 20181003112841.0 | ||
| 010 | _aENG-124154 | ||
| 020 |
_a9789386446947 _c425.00 |
||
| 035 | _aEN-107686 | ||
| 037 | _bDBAD/PUB | ||
| 082 | 0 | 0 | _a327 |
| 245 | 1 | 0 |
_aInternational politics: _ced. by Rumki Basu _bconcepts, theories and issues / |
| 250 | _a2nd ed. | ||
| 260 |
_aNew Delhi _bSAGE Publications, _c2018 |
||
| 270 |
_aB1/I-1 Mohan Cooperative Industrial Area, Mathura Road _bNew Delhi _e110044 |
||
| 300 |
_axl,392p.(I-6) _c25cm.(pbk) _bill. |
||
| 500 | _aIt includes Afterword by Rumki Basu and index | ||
| 700 | _aBasu, Rumki | ||
| 942 |
_2ddc _cEN _h327 _mINT |
||